000
00391nam a2200145Ia 4500
008
191206s9999 xx 000 0 und d
020
_a
0198730985 :
090
_a
D157.M38
245
0
_a
Crusaders
250
_a
2nd ed.
260
_a
Oxford University Press
260
_c
c1988
300
_a
"ix, 354 p. : maps ; 23 cm."
999
_c
15761
_d
15761